000 02816cam a22002054a 4500
005 20250605164056.0
008 250528s ||||||||||||||||||||||||d
035 _a17470
040 _aGR-AtMCL
_bgre
_dGR-AtMCL
_eAACR2
245 1 _aH Κατανόηση και Διοίκηση των Ανθρώπων στις Επιχειρήσεις
260 _c2013
300 _a128
505 0 _aΠρόλογος, Περιεχόμενα, Ανάπτυξη της Διοικητικής Σκέψης, Εισαγωγή στη Διοίκηση Ανθρωπίνων Πόρων (ΔΑΠ), Επιχειρήσεις και ΔΑΠ και το Περιβάλλον που αλλάζει, Στρατηγική και ΔΑΠ, Η Δομή των Οργανώσεων, Υγεία και Ασφάλεια, Προσωπικότητα, Προσέλκυση και Επιλογή, Εμπλοκή και Συμμετοχή Εργαζομένων, Σχεδίαση Εργασίας, Δέσμευση Εργαζομένων, Ψυχολογικό Συμβόλαιο, Παρακίνηση Ανθρώπων στην Εργασία, Απολαβές και Αμοιβές, Αξιολόγηση και Διαχείριση της Απόδοσης, Μάθηση και Ανάπτυξη, Κατάρτιση και Ανάπτυξη, Η Φύση των Ομάδων, Ηγεσία στις Οργανώσεις, Δύναμη και Εξουσία και Πολιτική, Η Κουλτούρα στις Οργανώσεις, Παραπομπές.
520 _aΠρόλογος, Περιεχόμενα, Ανάπτυξη της Διοικητικής Σκέψης, Εισαγωγή στη Διοίκηση Ανθρωπίνων Πόρων (ΔΑΠ), Επιχειρήσεις και ΔΑΠ και το Περιβάλλον που αλλάζει, Στρατηγική και ΔΑΠ, Η Δομή των Οργανώσεων, Υγεία και Ασφάλεια, Προσωπικότητα, Προσέλκυση και Επιλογή, Εμπλοκή και Συμμετοχή Εργαζομένων, Σχεδίαση Εργασίας, Δέσμευση Εργαζομένων, Ψυχολογικό Συμβόλαιο, Παρακίνηση Ανθρώπων στην Εργασία, Απολαβές και Αμοιβές, Αξιολόγηση και Διαχείριση της Απόδοσης, Μάθηση και Ανάπτυξη, Κατάρτιση και Ανάπτυξη, Η Φύση των Ομάδων, Ηγεσία στις Οργανώσεις, Δύναμη και Εξουσία και Πολιτική, Η Κουλτούρα στις Οργανώσεις, Παραπομπές.
700 1 _aΔημήτριος Σ. Κ. Κόγκας
_93603
700 1 _aΚόγκας Δημήτριος
_93604
942 _cBK
999 _c2880
_d2880